00502nam a2200145Ia 4500008004100000020001800041082001400059100002300073245006100096260001700157500002900174942000700203952013100210999001500341260604s9999 xx 000 0 und d a9781800371927 a332.1 KAP aKAPPES [S.]935506 0aCENTRAL BANKING, MONETARY POLICY AND INCOME DISTRIBUTION bEDWARD ELGAR aBanking, Monetary Policy cBK 00104070aIIMVbIIMVcLOCKERd2026-06-04g13208.57l0o332.1 KAPp003945r2026-06-04 10:19:49v13208.57w2026-06-04yBKBKAP c8327d8327